Antología fundamental

Guardat en:
Dades bibliogràfiques
Autor principal: Neruda, Pablo (autor)
Format: Llibre
Idioma:espanyol
Publicat: Santiago Pehuén 2016
Edició:10a. ed
Col·lecció:Pehuén Poesía, 1
Matèries:
Etiquetes: Afegir etiqueta
Sense etiquetes, Sigues el primer a etiquetar aquest registre!

MARC

LEADER 00000cam a2200000 a 4500
001 UCC1608
003 CL-VaPUC
008 171117e20160000cl |||||||||||||||||spa|d
020 |a 9789561606432 
082 0 4 |a Ch861  |b NER  |2 21 
100 |a Neruda, Pablo  |e autor  |9 306531 
245 1 0 |a Antología fundamental 
250 |a 10a. ed 
300 |a 523 p 
942 |c BK 
945 |d 20171117 16:06:00  |a dcastane 
260 |a Santiago  |b Pehuén  |c 2016 
650 0 |a Poesías chilenas   |9 265280 
650 0 |a Literatura chilena   |9 308278 
583 |a last modification  |c 20171117 16:06:00  |k Rodrigo Vera 
490 0 |a Pehuén Poesía, 1 
999 |c 370019  |d 370017 
952 |0 0  |1 0  |3 erb  |4 0  |6 CH_861_000000000000000_NER_2016  |7 0  |8 A  |9 486277  |a BIBGIM  |b BIBGIM  |i 5434998  |o Ch861 NER 2016  |p 5434998  |r 2025-01-15  |w 2019-11-24  |y BK  |z Catalogado en:20171117  |k SSL 
952 |0 0  |1 0  |3 erb  |4 0  |6 CH_861_000000000000000_NER_2016  |7 0  |8 A  |9 486278  |a BIBGIM  |b BIBGIM  |i 5435005  |o Ch861 NER 2016  |p 5435005  |r 2025-01-15  |w 2019-11-24  |y BK  |z Catalogado en:20171117  |k SSL